000 00896nam a2200277Ia 4500
003 OSt
005 20220928130609.0
006 a|||||r|||| 00| 0
007 ta
008 220927b |||||||| |||| 00| 0 eng d
020 _c20218.66
024 _a128810
037 _b228, 08/03/2016, N.R.Book Distributors
_cTextual
040 _aSDCL
_cSDCL
_beng
041 _2eng
_aeng
082 _aL:4:56, P5
100 _aKaufmann Stefan H. E. Ed.
_9474951
245 0 _aImmunology
_b Topley and Wilson's microbiology and microbial infections
250 _a10th
260 _aWashington
_bASM Press
_c2005
300 _axxi;1033p
_ccm.
650 _aMathematics SAP
_9447218
700 _a Steward Michael W. Ed.
_9474952
942 _hL:4:56, P5
_cTEXL
_2CC
999 _c787507
_d787507